Escritos polm̌icos Dil̀ogos sobre Derecho, argumentacin̤ y democracia /

Detalles Bibliográficos
Autor principal: Atienza, Manuel
Formato: eBook
Lenguaje:español
Publicado: Lima: Palestra Editores, 2021
Materias:
Acceso en línea:Acceso restringido

MARC

LEADER 00000nam a22000007a 4500
005 20220824221549.0
007 cr|||| ||||
008 220824s2021 pe |||||s|||| 00||0 spa d
020 |a 9786123252182 
035 |a 36950 
040 |a vLex 
090 |c 13816  |d 13816 
100 1 |a Atienza, Manuel 
245 1 0 |a Escritos polm̌icos  |h [Recurso electrn̤ico] :  |b Dil̀ogos sobre Derecho, argumentacin̤ y democracia /  |c Manuel Atienza 
256 |a Servicio en ln̕ea 
260 |a Lima:  |b Palestra Editores,  |c 2021 
300 |a 1 recurso electrn̤ico 
500 |a En palabras del autor, los escritos contenidos en el presente volumen se caracterizan por tratar “sobre un tema controvertido y, por ello, presuponen de alguna forma la imposibilidad de alcanzar un consenso pleno entre las partes, lo que no excluye algunos acuerdos parciales, pero que serǹ siempre sobre cuestiones no centrales: tp̕icamente, acuerdos para evitar o superar malentendidos”. As,̕ esta obra ren︢e una serie de escritos que tienen como rasgo comn︢ su carc̀ter polm̌ico, en el que el autor responde o dialoga con algn︢ “contendor” en torno a un tema controvertido. Los debates abordan temas tan esenciales como el Estado de Derecho, el positivismo jurd̕ico, la filosofa̕ hermenǔtica, la gestacin̤ por sustitucin̤, la transicin̤ espaǫla, el neoconstitucionalismo y el derecho a decidir. El lector podr,̀ en el debate de ideas, no solo conocer los elementos centrales de las distintas posturas de los “contendores” en torno a los temas propuestos, sino adems̀ ver la centralidad de la argumentacin̤ en este tipo de debates. 
506 1 |a Disponible solo en los productos indicados  |d vLex Global  |d vLex Global (Academic Edition, excluding Law Schools)  |d vLex Global (U.S. Academic Edition, Law Schools)  |d vLex Global (U.S. Academic Edition, excluding Law Schools)  |d vLex Global (Academic Edition, Law Schools) 
650 0 4 |a Derecho Militar  |z Per︢ 
650 0 4 |a Filosofa̕ y religin̤  |z Per︢ 
740 0 |a vLex Libros (Servicio en ln̕ea) 
856 4 0 |u https://app.vlex.com/#/sources/36950  |z Acceso restringido 
942 |c BOOK 
999 0 |a Military Law 
999 0 |a Philosophy and religion